| 000 | 00634nam a2200229 i 4500 | ||
|---|---|---|---|
| 001 | 3251940 | ||
| 003 | NUST - PNEC | ||
| 005 | 20170116181000.0 | ||
| 008 | 800313s1979 enka b 000 0 eng | ||
| 010 | _a 80456006 | ||
| 020 | _a0333237331 : | ||
| 040 | _cLIBRARY | ||
| 082 | 0 | 0 | _a003 RAC |
| 100 | 1 |
_aRace, John, _d1934- |
|
| 245 | 1 | 0 |
_aCase studies in systems analysis / _cJ. P. A. Race. |
| 260 |
_aLondon : _bMacmillan, _c1979. |
||
| 300 |
_av, 112 p. : _bill. ; _c24 cm. |
||
| 504 | _aBibliography: p. 112. | ||
| 650 | 0 |
_aSystem analysis _xEL, EE |
|
| 906 |
_a7 _bcbc _corignew _d4 _encip _f19 _gy-gencatlg |
||
| 942 |
_2ddc _cBK |
||
| 999 |
_c66695 _d66695 |
||